Statistiche per Numeri a Caso in Lingue Europee

Clicka qui per fare il quiz!

Statistiche generali

  • Questo quiz è stato fatto 133 volte
  • Il punteggio medio è 10 su 20

Statistiche sulle risposte

LinguaNumeroParola% Corretto
Tedesco18achtzehn
100%
Tedesco80achtzig
100%
Portoghese5cinco
100%
Francese5cinq
100%
Francese50cinquante
100%
Portoghese50cinquenta
100%
Spagnolo42cuarenta y dos
100%
Spagnolo47cuarenta y siete
100%
Spagnolo43cuarenta y tres
100%
Francese2deux
100%
Spagnolo19diecinueve
100%
Spagnolo10diez
100%
Spagnolo10,000diez mil
100%
Francese18dix-huit
100%
Francese17dix-sept
100%
Spagnolo2dos
100%
Francese12douze
100%
Portoghese12doze
100%
Tedesco30dreißig
100%
Inglese8eight
100%
Inglese80eighty
100%
Tedesco41einundvierzig
100%
Inglese15fifteen
100%
Inglese50fifty
100%
Inglese5five
100%
Inglese48forty eight
100%
Inglese45forty five
100%
Inglese49forty nine
100%
Inglese41forty one
100%
Inglese47forty seven
100%
Inglese14fourteen
100%
Tedesco5fünf
100%
Tedesco45fünfundvierzig
100%
Francese1,000mille
100%
Francese1,000,000million
100%
Tedesco9neun
100%
Tedesco29neunundzwanzig
100%
Inglese9nine
100%
Inglese19nineteen
100%
Inglese90ninety
100%
Portoghese90noventa
100%
Spagnolo90noventa
100%
Tedesco0null
100%
Spagnolo8ocho
100%
Inglese1one
100%
Francese11onze
100%
Francese40quarante
100%
Francese41quarante et un
100%
Francese48quarante-huit
100%
Francese44quarante-quatre
100%
Francese47quarante-sept
100%
Tedesco6sechs
100%
Tedesco26sechsundzwanzig
100%
Tedesco16sechzehn
100%
Tedesco60sechzig
100%
Spagnolo6seis
100%
Francese16seize
100%
Francese7sept
100%
Spagnolo60sesenta
100%
Portoghese60sessenta
100%
Inglese7seven
100%
Inglese70seventy
100%
Spagnolo7siete
100%
Inglese6six
100%
Inglese16sixteen
100%
Inglese60sixty
100%
Inglese10ten
100%
Inglese10,000ten thousand
100%
Inglese13thirteen
100%
Inglese30thirty
100%
Inglese38thirty eight
100%
Inglese35thirty five
100%
Inglese34thirty four
100%
Inglese39thirty nine
100%
Inglese32thirty two
100%
Inglese3three
100%
Spagnolo30treinta
100%
Francese13treize
100%
Francese30trente
100%
Francese34trente-quatre
100%
Francese37trente-sept
100%
Francese36trente-six
100%
Portoghese3três
100%
Spagnolo3tres
100%
Francese3trois
100%
Inglese12twelve
100%
Inglese24twenty four
100%
Inglese29twenty nine
100%
Inglese21twenty one
100%
Inglese27twenty seven
100%
Inglese23twenty three
100%
Inglese22twenty two
100%
Inglese2two
100%
Francese1un
100%
Spagnolo1uno
100%
Spagnolo22veintidós
100%
Tedesco34vierunddreißig
100%
Tedesco24vierundzwanzig
100%
Tedesco40vierzig
100%
Francese20vingt
100%
Francese29vingt-neuf
100%
Francese27vingt-sept
100%
Portoghese0zero
100%
Inglese0zero
100%
Francese0zéro
100%
Tedesco32zweiunddreißig
100%
Spagnolo1,000mil
80%
Tedesco1eins
75%
Inglese44forty four
75%
Francese43quarante-trois
75%
Francese14quatorze
75%
Francese4quatre
75%
Francese60soixante
75%
Francese33trente-trois
75%
Spagnolo24veinticuatro
75%
Francese22vingt-deux
75%
Inglese40forty
67%
Portoghese1,000mil
67%
Portoghese44quarenta e quatro
67%
Portoghese6seis
67%
Francese70soixante-dix
67%
Francese31trente et un
67%
Francese38trente-huit
67%
Tedesco4vier
67%
Tedesco2zwei
67%
Tedesco12zwölf
67%
Tedesco11elf
60%
Francese100cent
50%
Spagnolo44cuarenta y cuatro
50%
Spagnolo49cuarenta y nueve
50%
Portoghese10,000dez mil
50%
Spagnolo18dieciocho
50%
Portoghese2dois
50%
Tedesco13dreizehn
50%
Inglese18eighteen
50%
Tedesco21einundzwanzig
50%
Inglese4four
50%
Tedesco25fünfundzwanzig
50%
Tedesco100hundert
50%
Tedesco49neunundvierzig
50%
Tedesco19neunzehn
50%
Spagnolo80ochenta
50%
Portoghese4quatro
50%
Spagnolo15quince
50%
Portoghese15quinze
50%
Francese15quinze
50%
Tedesco7sieben
50%
Tedesco17siebzehn
50%
Tedesco1,000tausend
50%
Inglese36thirty six
50%
Spagnolo32treinta y dos
50%
Francese39trente-neuf
50%
Portoghese30trinta
50%
Portoghese33trinta e três
50%
Inglese26twenty six
50%
Portoghese1um
50%
Spagnolo26veintiséis
50%
Spagnolo23veintitrés
50%
Francese21vingt et un
50%
Francese28vingt-huit
50%
Portoghese29vinte e nove
50%
Portoghese26vinte e seis
50%
Portoghese21vinte e um
50%
Tedesco10zehn
50%
Spagnolo5cinco
33%
Spagnolo16dieciséis
33%
Spagnolo12doce
33%
Tedesco35fünfunddreißig
33%
Tedesco50fünfzig
33%
Tedesco100,000hunderttausend
33%
Inglese100,000hundred thousand
33%
Tedesco27siebenundzwanzig
33%
Inglese1,000thousand
33%
Portoghese34trinta e quatro
33%
Tedesco20zwanzig
33%
Portoghese11onze
25%
Spagnolo38treinta y ocho
25%
Tedesco8acht
0%
Tedesco38achtunddreißig
0%
Tedesco48achtundvierzig
0%
Tedesco28achtundzwanzig
0%
Spagnolo14catorce
0%
Portoghese14catorze
0%
Portoghese100cem
0%
Portoghese100,000cem mil
0%
Francese100,000cent-mille
0%
Spagnolo0cero
0%
Spagnolo100cien
0%
Spagnolo100,000cien mil
0%
Spagnolo50cincuenta
0%
Spagnolo40cuarenta
0%
Spagnolo45cuarenta y cinco
0%
Spagnolo48cuarenta y ocho
0%
Spagnolo46cuarenta y seis
0%
Spagnolo41cuarenta y uno
0%
Spagnolo4cuatro
0%
Portoghese10dez
0%
Portoghese19dezanove
0%
Portoghese16dezasseis
0%
Portoghese17dezassete
0%
Portoghese18dezoito
0%
Spagnolo17diecisiete
0%
Francese10dix
0%
Francese10,000dix-mille
0%
Francese19dix-neuf
0%
Tedesco3drei
0%
Tedesco33dreiunddreißig
0%
Tedesco43dreiundvierzig
0%
Tedesco23dreiundzwanzig
0%
Tedesco1,000,000eine Million
0%
Tedesco31einunddreißig
0%
Inglese11eleven
0%
Inglese46forty six
0%
Inglese43forty three
0%
Inglese42forty two
0%
Tedesco15fünfzehn
0%
Francese8huit
0%
Inglese100hundred
0%
Inglese1,000,000million
0%
Spagnolo1,000,000millón
0%
Francese9neuf
0%
Tedesco39neununddreißig
0%
Tedesco90neunzig
0%
Portoghese9nove
0%
Spagnolo9nueve
0%
Portoghese80oitenta
0%
Portoghese8oito
0%
Spagnolo11once
0%
Francese45quarante-cinq
0%
Francese42quarante-deux
0%
Francese49quarante-neuf
0%
Francese46quarante-six
0%
Portoghese40quarenta
0%
Portoghese45quarenta e cinco
0%
Portoghese42quarenta e dois
0%
Portoghese49quarenta e nove
0%
Portoghese48quarenta e oito
0%
Portoghese46quarenta e seis
0%
Portoghese47quarenta e sete
0%
Portoghese43quarenta e três
0%
Portoghese41quarenta e um
0%
Francese90quatre-vingt dix
0%
Francese80quatre-vingts
0%
Tedesco36sechsunddreißig
0%
Tedesco46sechsundvierzig
0%
Portoghese7sete
0%
Spagnolo70setenta
0%
Portoghese70setenta
0%
Inglese17seventeen
0%
Tedesco37siebenunddreißig
0%
Tedesco47siebenundvierzig
0%
Tedesco70siebzig
0%
Francese6six
0%
Inglese31thirty one
0%
Inglese37thirty seven
0%
Inglese33thirty three
0%
Spagnolo13trece
0%
Spagnolo35treinta y cinco
0%
Spagnolo34treinta y cuatro
0%
Spagnolo39treinta y nueve
0%
Spagnolo36treinta y seis
0%
Spagnolo37treinta y siete
0%
Spagnolo33treinta y tres
0%
Spagnolo31treinta y uno
0%
Francese35trente-cinq
0%
Francese32trente-deux
0%
Portoghese13treze
0%
Portoghese35trinta e cinco
0%
Portoghese32trinta e dois
0%
Portoghese39trinta e nove
0%
Portoghese38trinta e oito
0%
Portoghese36trinta e seis
0%
Portoghese37trinta e sete
0%
Portoghese31trinta e um
0%
Inglese20twenty
0%
Inglese28twenty eight
0%
Inglese25twenty five
0%
Portoghese1,000,000um milhão
0%
Spagnolo20veinte
0%
Spagnolo25veinticinco
0%
Spagnolo29veintinueve
0%
Spagnolo28veintiocho
0%
Spagnolo27veintisiete
0%
Spagnolo21veintiuno
0%
Tedesco44vierundvierzig
0%
Tedesco14vierzehn
0%
Francese25vingt-cinq
0%
Francese24vingt-quatre
0%
Francese26vingt-six
0%
Francese23vingt-trois
0%
Portoghese20vinte
0%
Portoghese25vinte e cinco
0%
Portoghese22vinte e dois
0%
Portoghese28vinte e oito
0%
Portoghese24vinte e quatro
0%
Portoghese27vinte e sete
0%
Portoghese23vinte e três
0%
Tedesco10,000zehntausend
0%
Tedesco42zweiundvierzig
0%
Tedesco22zweiundzwanzig
0%

Distribuzione punteggi

Percentile per numero di risposta

Percentuale di utenti per punteggio

I tuoi punteggi nel tempo

Non hai fatto questo quiz